| 000 | 00488nam a2200169 a 4500 | ||
|---|---|---|---|
| 005 | 20140310183436.0 | ||
| 008 | 080313s19uu xx 00 eng d | ||
| 020 | _a0671017136 | ||
| 050 |
_aPZ 7 _b.G618Hr 1997 |
||
| 100 | _aGolden, Christopher | ||
| 245 |
_aBuffy the vampire slayer : _bhalloween rain / _cChristopher Golden and Nancy Holder. |
||
| 260 |
_aNew York : _bPocket Books, _c1997. |
||
| 300 |
_a149 p. : _c18 cm. |
||
| 650 | _aFiction. | ||
| 942 |
_cBK _2lcc |
||
| 999 |
_c22913 _d22913 |
||